|
|
|
|
| LEADER |
00000cam a22000004a 4500 |
| 001 |
musev2_33384 |
| 003 |
MdBmJHUP |
| 005 |
20230905043522.0 |
| 006 |
m o d |
| 007 |
cr||||||||nn|n |
| 008 |
140719s2015 nju o 00 0 eng d |
| 020 |
|
|
|a 9781400865109
|
| 020 |
|
|
|z 9780691157276
|
| 040 |
|
|
|a MdBmJHUP
|c MdBmJHUP
|
| 100 |
1 |
|
|a Campbell, Iain,
|d 1969-
|
| 245 |
1 |
0 |
|a Birds of Australia :
|b A Photographic Guide /
|c Iain Campbell, Sam Woods, Nick Leseberg ; photography supplied by Geoff Jones.
|
| 264 |
|
1 |
|a Princeton :
|b Princeton University Press,
|c 2015.
|
| 264 |
|
3 |
|a Baltimore, Md. :
|b Project MUSE,
|c 0000
|
| 264 |
|
4 |
|c ©2015.
|
| 300 |
|
|
|a 1 online resource:
|b color illustrations, maps
|
| 336 |
|
|
|a text
|b txt
|2 rdacontent
|
| 337 |
|
|
|a computer
|b c
|2 rdamedia
|
| 338 |
|
|
|a online resource
|b cr
|2 rdacarrier
|
| 500 |
|
|
|a Includes index.
|
| 505 |
0 |
|
|a Australian climate and rainfall -- Habitats of Australia -- Species accounts.
|
| 520 |
|
|
|a This guide covers 714 species of resident Australian birds and regularly occurring migrants. It describes key identification features such as size, plumage, distribution, behavior, and voice, as well as habitat descriptions.
|
| 546 |
|
|
|a English.
|
| 588 |
|
|
|a Description based on print version record.
|
| 650 |
|
7 |
|a Birds.
|2 fast
|0 (OCoLC)fst00832970
|
| 650 |
|
7 |
|a SCIENCE
|x Life Sciences
|x Zoology
|x Ornithology.
|2 bisacsh
|
| 650 |
|
7 |
|a NATURE
|x Birdwatching Guides.
|2 bisacsh
|
| 650 |
|
7 |
|a NATURE
|x Animals
|x Birds.
|2 bisacsh
|
| 650 |
|
6 |
|a Oiseaux
|z Australie
|v Identification.
|
| 650 |
|
0 |
|a Birds
|z Australia
|v Identification.
|
| 651 |
|
7 |
|a Australia.
|2 fast
|0 (OCoLC)fst01204543
|
| 655 |
|
7 |
|a Field guides.
|2 fast
|0 (OCoLC)fst01940354
|
| 655 |
|
7 |
|a Electronic books.
|2 local
|
| 700 |
1 |
|
|a Leseberg, Nick.
|
| 700 |
1 |
|
|a Woods, Sam.
|
| 700 |
1 |
|
|a Woods, Sam,
|d 1971-
|
| 710 |
2 |
|
|a Project Muse.
|e distributor
|
| 830 |
|
0 |
|a Book collections on Project MUSE.
|
| 856 |
4 |
0 |
|z Texto completo
|u https://projectmuse.uam.elogim.com/book/33384/
|
| 945 |
|
|
|a Project MUSE - Custom Collection
|